The Birth of Capitalism (Record no. 32156)
[ view plain ]
| 000 -LEADER | |
|---|---|
| fixed length control field | 00635nam a2200121Ia 4500 |
| 008 - FIXED-LENGTH DATA ELEMENTS--GENERAL INFORMATION | |
| fixed length control field | 220620s9999||||xx |||||||||||||| ||und|| |
| 100 ## - MAIN ENTRY--PERSONAL NAME | |
| Personal name | Heller, Henry |
| 245 #4 - TITLE STATEMENT | |
| Title | The Birth of Capitalism |
| Remainder of title | A 21st Century Perspective |
| 546 ## - LANGUAGE NOTE | |
| Language note | English[eng] |
| 650 ## - SUBJECT ADDED ENTRY--TOPICAL TERM | |
| Topical term or geographic name entry element | History||History||Capitalism||Economics||Feudalism||Europe||Political Economy||Marxism||Industrial Revolution||Bourgeoisie||England||Karl Marx |
| 856 ## - ELECTRONIC LOCATION AND ACCESS | |
| Uniform Resource Identifier | <a href="https://library.oapen.org/bitstream/20.500.12657/30778/1/642724.pdf||https://library.oapen.org/bitstream/20.500.12657/30778/1/642724.pdf||https://library.oapen.org/bitstream/20.500.12657/30778/1/642724.pdf">https://library.oapen.org/bitstream/20.500.12657/30778/1/642724.pdf||https://library.oapen.org/bitstream/20.500.12657/30778/1/642724.pdf||https://library.oapen.org/bitstream/20.500.12657/30778/1/642724.pdf</a> |
| 942 ## - ADDED ENTRY ELEMENTS (KOHA) | |
| Koha item type | E-Books |
| Withdrawn status | Lost status | Damaged status | Not for loan | Home library | Current library | Date acquired | Total Checkouts | Date last seen | Price effective from | Koha item type |
|---|---|---|---|---|---|---|---|---|---|---|
| Kerala University of Digital Sciences, Innovation and Technology Knowledge Centre | Kerala University of Digital Sciences, Innovation and Technology Knowledge Centre | 20/06/2022 | 20/06/2022 | 20/06/2022 | E-Books |